Keď román píše básnik

Bibliographic Details
Main Authors: Masár, Ivan, 1930-2008 (Author), Silan, Janko, 1914-1984 (Author)
Format: Article
Language:Slovak
Subjects:

MARC

LEADER 00000nab a2200000 a 4500
001 vtls000498861
003 SK-MaSNL
005 20260303210722.0
008 230120c1993 xo 0 slo
015 |a SNBRB19rr/mm-uuuuu 
035 |a CL0498999 
035 |a urn:nbn:sk:snk-ab1lpw 
035 |a (urnnbn)urn:nbn:sk:snk:ar-004hnh 
035 |a (uuid)6abed984-0ed4-477b-8330-5b2366a32205 
040 |a SNKBUCL  |b slo  |c SNKBUCL  |e AACR2 
041 0 |a slo 
044 |a xo  |c SK 
080 |a 82.09:885.4-94(048)  |2 1981 
080 |a 885.4-1(048)  |2 1981 
080 |a 885.4-3/-6(048)  |2 1981 
100 1 |a Masár, Ivan,  |d 1930-2008  |4 aut  |9 13367 
245 1 0 |a Keď román píše básnik  |c Ivan Masár 
650 0 7 |a denníky  |2 snkbucl  |9 305579 
650 0 7 |a literárna montáž  |2 snkbucl  |9 155258 
655 7 |a články z novín a časopisov  |2 snkbucl  |9 267496 
655 7 |a články z odboru literárna veda a krásna literatúra  |2 snkbucl  |9 770045 
700 1 |a Silan, Janko,  |d 1914-1984  |4 aut  |9 222852 
773 0 |t Kultúra slova  |g Roč. 27, č. 3 (1993), s. 85-88 
787 0 8 |i Rec.:  |a Silan, Janko  |t Dom opustenosti  |d Bratislava : Slovenský spisovateľ, 1991 
850 |a Slovenská národná knižnica v Martine  |a MTA001 
852 |a SNK  |b KIS3GCP 
954 |a odborná, vedecká literatúra pôvodná (slovenská)  |2 lita 
958 |a OND 
958 |a RK 
958 |a LX 
958 |a EUIPO 
958 |a article27 
992 |a RBX 
999 |c 2201345  |d 2203275